HIGH COURT CIVIL SUIT NO. 0158 OF 2005 EDMOND MBALEKWIRE T/A EDMOND MBALE STORES VS CENTENARY RURAL DEVELOPMENT BANK LTD (Record no. 8676)
[ view plain ]
| 000 -LEADER | |
|---|---|
| fixed length control field | 00407nam a22000977a 4500 |
| 008 - FIXED-LENGTH DATA ELEMENTS--GENERAL INFORMATION | |
| fixed length control field | 190708b xxu||||| |||| 00| 0 eng d |
| 010 ## - LIBRARY OF CONGRESS CONTROL NUMBER | |
| NUCMC control number | HCCSF:97 |
| 245 ## - TITLE STATEMENT | |
| Title | HIGH COURT CIVIL SUIT NO. 0158 OF 2005 EDMOND MBALEKWIRE T/A EDMOND MBALE STORES VS CENTENARY RURAL DEVELOPMENT BANK LTD |
| 260 ## - PUBLICATION, DISTRIBUTION, ETC. (IMPRINT) | |
| Place of publication, distribution, etc | COMMERCIAL COURT DIVISION KAMPALA |
| Date of publication, distribution, etc | 2005 |
| 500 ## - GENERAL NOTE | |
| General note | BEFORE:THE HONOURABLE MR. JUSTICE FMS EGONDA- NTENDE JUDGEMENT |
| Withdrawn status | Lost status | Source of classification or shelving scheme | Damaged status | Koha normalized classification for sorting | Not for loan | Location (home branch) | Sublocation or collection (holding branch) | Shelving location | Date acquired | Koha issues (times borrowed) | Koha full call number | Piece designation (barcode) | Koha date last seen | Price effective from | Koha item type | Public note |
|---|---|---|---|---|---|---|---|---|---|---|---|---|---|---|---|---|
| Dewey Decimal Classification | HCCSF_97 | Law Development Centre Main Library | Law Development Centre Main Library | Law Reports | 07/08/2019 | HCCSF:97 | 473/2019 | 07/08/2019 | 07/08/2019 | Un Reported Cases | JUDGEMENT WAS ENTERED ON 22ND OF DECEMBER 2005 |
